000 00535nmm a2200193Ia 4500
008 251105s9999||||xx |||||||||||||||||und||
020 _a9788433915313
041 _acat
100 _aRàfols Gesa, Ferran
245 0 _aPétronille
264 _a[Madrid, España] :
_bEditorial Anagrama,
_c2016
300 _a160 páginas
490 _aLlibres Anagrama
650 _aFrench narrative
700 _aRàfols Gesa, Ferran
700 1 _a Nothomb, Amélie
856 _uhttps://public.digitaliapublishing.com/a/48988
942 _cCF
999 _c70296
_d70296